LIBRARY & INFORMATION CENTRE, KCAET, TAVANUR

ONLINE PUBLIC ACCESS CATALOGUE (OPAC)

Soil testing for engineers / (Record no. 375)

MARC details
000 -LEADER
fixed length control field 00491cam a2200193ua 4500
020 ## - INTERNATIONAL STANDARD BOOK NUMBER
ISBN 81-7409-065-7
041 ## - LANGUAGE CODE
Language code of text/sound track or separate title eng
082 ## - DEWEY DECIMAL CLASSIFICATION NUMBER
Classification number 631.4
Item number MIT/SO
100 ## - MAIN ENTRY--AUTHOR NAME
Personal name Mittal, Satyendra.
245 ## - TITLE STATEMENT
Title Soil testing for engineers /
250 ## - EDITION STATEMENT
Edition statement 3 /
260 ## - PUBLICATION, DISTRIBUTION, ETC. (IMPRINT)
Place of publication Delhi :
Name of publisher Khanna publishers ,
Year of publication 2000.
300 ## - PHYSICAL DESCRIPTION
Number of Pages 216 ; .
700 1# - ADDED ENTRY--PERSONAL NAME
Personal name Shukla, J P.
942 ## - ADDED ENTRY ELEMENTS (KOHA)
Koha item type Books
Holdings
Withdrawn status Lost status Damaged status Home library Current library Date acquired Full call number Accession Number Koha item type
      KAUAET KAUAET 07/04/2012 631.4 20544 Books
free website counter